[Event "VIE-chT (Women)"]
[Site "Hanoi"]
[Date "2023.04.20"]
[Round "5"]
[White "Vo, Mai Truc"]
[Black "Chau, Thi Ngoc Giao"]
[Result "1/2-1/2"]
[WhiteElo "1749"]
[BlackElo "2137"]
[PlyCount "46"]
[EventDate "2023.04.18"]
[EventType "swiss"]
[EventRounds "9"]
[EventCountry "VIE"]
[SourceTitle "EXT 2024"]
[Source "ChessBase"]
[SourceDate "2023.10.10"]
[SourceVersion "1"]
[SourceVersionDate "2023.10.10"]
[SourceQuality "1"]

1. d4 Nf6 2. Nf3 d5 3. Bf4 c5 4. e3 Qb6 5. b3 Bg4 6. Be2 e6 7. 0-0 Nc6 8. c3 Be7 9. Nbd2 0-0 10. Ne5 Bxe2 11. Qxe2 Rac8 12. Nxc6 Rxc6 13. dxc5 Bxc5 14. c4 Re8 15. cxd5 exd5 16. Qd1 h6 17. Nf3 Rce6 18. h3 Re4 19. Nd2 R4e6 20. Nf3 Re4 21. Nd2 R4e6 22. Nf3 Re4 23. Nd2 R4e6 1/2-1/2

[Event "VIE-chT (Women)"]
[Site "Hanoi"]
[Date "2023.04.19"]
[Round "3"]
[White "Nguyen, Ha Khanh Linh"]
[Black "Chau, Thi Ngoc Giao"]
[Result "1-0"]
[WhiteElo "1777"]
[BlackElo "2137"]
[PlyCount "62"]
[EventDate "2023.04.18"]
[EventType "swiss"]
[EventRounds "9"]
[EventCountry "VIE"]
[SourceTitle "EXT 2024"]
[Source "ChessBase"]
[SourceDate "2023.10.10"]
[SourceVersion "1"]
[SourceVersionDate "2023.10.10"]
[SourceQuality "1"]

1. d4 d5 2. c4 e6 3. Nc3 Nf6 4. cxd5 exd5 5. Bg5 c6 6. e3 Be7 7. Bd3 Nbd7 8. Qc2 0-0 9. Nf3 Re8 10. 0-0 Ne4 11. Bxe4 dxe4 12. Nxe4 Bxg5 13. Nexg5 Nf8 14. Qb3 Qf6 15. Ne5 Rxe5 16. dxe5 Qxg5 17. f4 Qe7 18. Rad1 Be6 19. Qc2 Rd8 20. Rxd8 Qxd8 21. f5 Bd5 22. e4 Qb6+ 23. Rf2 Bxa2 24. b4 Qxb4 25. Qxa2 Qxe4 26. Qxa7 Qxe5 27. Qxb7 Qe1+ 28. Rf1 Qe3+ 29. Kh1 Qe2 30. Rc1 g6 31. f6 c5 1-0

[Event "VIE-chT (Women)"]
[Site "Hanoi"]
[Date "2023.04.18"]
[Round "2"]
[White "Chau, Thi Ngoc Giao"]
[Black "Nguyen, Ha Trang"]
[Result "1-0"]
[WhiteElo "2137"]
[BlackElo "1926"]
[PlyCount "51"]
[EventDate "2023.04.18"]
[EventType "swiss"]
[EventRounds "9"]
[EventCountry "VIE"]
[SourceTitle "EXT 2024"]
[Source "ChessBase"]
[SourceDate "2023.10.10"]
[SourceVersion "1"]
[SourceVersionDate "2023.10.10"]
[SourceQuality "1"]

1. d4 Nf6 2. c4 g6 3. Nc3 Bg7 4. e4 d6 5. Nf3 0-0 6. Be2 e5 7. Be3 Re8 8. d5 c6 9. Nd2 c5 10. g4 Qb6 11. Rb1 Qc7 12. h4 Qd7 13. g5 Ng4 14. Bxg4 Qxg4 15. Qxg4 Bxg4 16. Nb5 Na6 17. Nxd6 Re7 18. a3 b6 19. Nb5 Nc7 20. d6 Nxb5 21. dxe7 Nd6 22. b4 cxb4 23. axb4 Re8 24. c5 bxc5 25. Bxc5 Nb5 26. Ra1 1-0

[Event "VIE-chT (Women)"]
[Site "Hanoi"]
[Date "2023.04.18"]
[Round "1"]
[White "Tran, Le Vy"]
[Black "Chau, Thi Ngoc Giao"]
[Result "1/2-1/2"]
[WhiteElo "1348"]
[BlackElo "2137"]
[PlyCount "106"]
[EventDate "2023.04.18"]
[EventType "swiss"]
[EventRounds "9"]
[EventCountry "VIE"]
[SourceTitle "EXT 2024"]
[Source "ChessBase"]
[SourceDate "2023.10.10"]
[SourceVersion "1"]
[SourceVersionDate "2023.10.10"]
[SourceQuality "1"]

1. e4 d5 2. exd5 Nf6 3. Nc3 Nxd5 4. Bc4 c6 5. Qf3 e6 6. Nge2 Bd6 7. 0-0 Qh4 8. Ng3 Qxc4 9. d3 Qh4 10. Nce4 Qd8 11. Nh5 Bf8 12. Bg5 Qc7 13. c4 Ne7 14. Rfe1 Nd7 15. c5 Nxc5 16. Nxc5 Nd5 17. Ne4 f6 18. Bd2 Qf7 19. Nf4 Nc7 20. Qg3 Bd7 21. Ng6 hxg6 22. Qxc7 Bc8 23. Qg3 Be7 24. Nd6+ Bxd6 25. Qxd6 Qe7 26. Qg3 Kf7 27. Re4 Bd7 28. Rae1 Rad8 29. d4 Bc8 30. a3 g5 31. Rg4 Rd5 32. Qf3 Qc7 33. h3 Rf5 34. Qe3 Qd6 35. Bb4 Qd5 36. Re4 Rh4 37. Rxh4 gxh4 38. Rc1 Rg5 39. f3 Qf5 40. Kh2 e5 41. d5 cxd5 42. Rc7+ Kg6 43. Bf8 Kh7 44. Bd6 Qe6 45. Bb4 Qf5 46. Bd2 Rg6 47. Qf2 Be6 48. Qxh4+ Kg8 49. Rxb7 e4 50. Rb8+ Bc8 51. Qf4 Kh7 52. Qh4+ Kg8 53. Qf4 Kh7 1/2-1/2

[Event "VIE Cup (Women)"]
[Site "Hanoi"]
[Date "2021.??.??"]
[Round "1"]
[White "Chau, Thi Ngoc Giao"]
[Black "Vo, Mai Truc"]
[Result "1-0"]
[WhiteElo "2137"]
[BlackElo "1753"]
[PlyCount "89"]
[EventDate "2021.05.03"]
[EventType "swiss"]
[EventRounds "9"]
[EventCountry "VIE"]
[SourceTitle "EXT 2022"]
[Source "ChessBase"]
[SourceDate "2021.10.06"]
[SourceVersion "1"]
[SourceVersionDate "2021.10.06"]
[SourceQuality "1"]

1. d4 d5 2. Nf3 Nf6 3. Bf4 Bf5 4. e3 e6 5. c4 c6 6. Qb3 Qb6 7. c5 Qxb3 8. axb3 Nbd7 9. Nc3 Be7 10. h3 0-0 11. Be2 Ne4 12. 0-0 Rfe8 13. b4 a6 14. Rfd1 Bf6 15. Ne5 Nxc3 16. bxc3 Nxe5 17. Bxe5 Bxe5 18. dxe5 Rad8 19. Kf1 Kf8 20. Ke1 Ke7 21. f3 f6 22. exf6+ gxf6 23. g4 Bg6 24. Kf2 Rg8 25. Rg1 e5 26. Rad1 Rd7 27. Rd2 Bf7 28. h4 h6 29. f4 e4 30. Rdd1 Rdd8 31. Rg2 Be6 32. Rdg1 Rdf8 33. g5 hxg5 34. hxg5 f5 35. Rh2 Rf7 36. Rgh1 Rfg7 37. Kg3 Kd7 38. Rh7 Kc7 39. R1h6 Bd7 40. Kh4 Be8 41. Bh5 Bd7 42. Bf7 Rxh7 43. Rxh7 Rf8 44. Be6 Rd8 45. g6 1-0

[Event "VIE-chT (Women)"]
[Site "Bac Giang"]
[Date "2020.06.06"]
[Round "1.6"]
[White "Nguyen, Ha Khanh Linh"]
[Black "Chau, Thi Ngoc Giao"]
[Result "0-1"]
[WhiteElo "1546"]
[BlackElo "2137"]
[PlyCount "64"]
[EventDate "2020.06.06"]
[EventType "swiss"]
[EventRounds "9"]
[EventCountry "VIE"]
[SourceTitle "CBM 197 Extra"]
[Source "ChessBase"]
[SourceDate "2020.09.30"]
[SourceVersion "1"]
[SourceVersionDate "2020.09.30"]
[SourceQuality "1"]

1. d4 d5 2. c4 e6 3. Nc3 Nf6 4. cxd5 exd5 5. Bg5 c6 6. e3 Be7 7. Qc2 0-0 8. Bd3 Nbd7 9. Nge2 Re8 10. 0-0 Nf8 11. f3 Ng6 12. Rad1 Nd7 13. Bxe7 Qxe7 14. e4 dxe4 15. fxe4 Nb6 16. a4 Qb4 17. Kh1 Be6 18. d5 cxd5 19. Bb5 Rec8 20. exd5 Nxd5 21. Nxd5 Bxd5 22. Qd2 Qxd2 23. Rxd2 Be6 24. h3 Rd8 25. Rfd1 Rxd2 26. Rxd2 a6 27. Bd3 Rd8 28. Kg1 Kf8 29. Kf2 Ne5 30. Ke3 Bf5 31. Kf4 Rxd3 32. Rc2 g6 0-1

[Event "VIE-chT (Women)"]
[Site "Ho Chi Minh City"]
[Date "2019.10.02"]
[Round "9.16"]
[White "Bui, Thi Diep Anh"]
[Black "Chau, Thi Ngoc Giao"]
[Result "0-1"]
[WhiteElo "1662"]
[BlackElo "2137"]
[PlyCount "110"]
[EventDate "2019.09.26"]
[EventType "swiss"]
[EventRounds "9"]
[EventCountry "VIE"]
[SourceTitle "EXT 2020"]
[Source "ChessBase"]
[SourceDate "2019.10.17"]
[SourceVersion "1"]
[SourceVersionDate "2019.10.17"]
[SourceQuality "1"]

1. e4 d5 2. exd5 Nf6 3. d4 Bg4 4. Be2 Bxe2 5. Qxe2 Qxd5 6. Nf3 e6 7. 0-0 Be7 8. c4 Qf5 9. Nc3 0-0 10. d5 Bc5 11. dxe6 Nc6 12. Nh4 Qxe6 13. Qxe6 fxe6 14. h3 Rad8 15. Nf3 e5 16. Bg5 h6 17. Bxf6 gxf6 18. Nd5 Rd7 19. Nh4 Kh7 20. Rad1 Rdf7 21. g4 h5 22. Kh1 hxg4 23. hxg4 Rg8 24. f3 Rh8 25. Kg2 Nd4 26. b4 Bf8 27. f4 Kg7 28. Rh1 Ne6 29. f5 Nd4 30. c5 c6 31. Nf4 exf4 32. Rxd4 b6 33. cxb6 axb6 34. Ng6 f3+ 35. Kxf3 Rxh1 36. Rc4 Rb1 37. a3 Rb3+ 38. Ke4 Rxa3 39. Rxc6 Bxb4 40. Rxb6 Ba5 41. Ra6 Rd7 42. g5 Ra4+ 43. Kf3 Rd3+ 44. Ke2 Rd2+ 45. Ke3 Ra3+ 46. Ke4 Re2+ 47. Kd5 fxg5 48. Ne7 Bb4 49. Rg6+ Kf7 50. Nc6 Be7 51. Ne5+ Kf8 52. Nd7+ Ke8 53. Nb6 Rd3+ 54. Kc4 Rd6 55. Nc8 Rc2+ 0-1

[Event "VIE-chT (Women)"]
[Site "Ho Chi Minh City"]
[Date "2019.09.26"]
[Round "1.8"]
[White "Phan, Thi My Huong"]
[Black "Chau, Thi Ngoc Giao"]
[Result "1-0"]
[WhiteElo "1533"]
[BlackElo "2137"]
[PlyCount "79"]
[EventDate "2019.09.26"]
[EventType "swiss"]
[EventRounds "9"]
[EventCountry "VIE"]
[SourceTitle "EXT 2020"]
[Source "ChessBase"]
[SourceDate "2019.10.17"]
[SourceVersion "1"]
[SourceVersionDate "2019.10.17"]
[SourceQuality "1"]

1. e4 d5 2. exd5 Nf6 3. d4 Bg4 4. Nf3 Qxd5 5. Be2 Nc6 6. 0-0 0-0-0 7. c4 Qf5 8. Be3 e6 9. Qb3 Bd6 10. Nbd2 Qh5 11. Bd3 g5 12. c5 Bf4 13. Bb5 Nxd4 14. Bxd4 Rxd4 15. g3 Rxd2 16. Nxd2 Bxd2 17. f3 Bh3 18. Rf2 c6 19. Rxd2 cxb5 20. Qc3 Qg6 21. c6 Rg8 22. cxb7+ Kxb7 23. Rc1 Nd5 24. Qc6+ Kb8 25. Qxb5+ Nb6 26. Qe5+ Ka8 27. Qc7 Qf6 28. Qc6+ Kb8 29. Qc7+ Ka8 30. Qc6+ Kb8 31. Qc7+ Ka8 32. Qc6+ Kb8 33. Qd6+ Ka8 34. Qc6+ Kb8 35. Qd6+ Ka8 36. Rc7 Qxf3 37. Qd8+ Nc8 38. Rxc8+ Kb7 39. Rb8+ Ka6 40. Rd6+ 1-0

[Event "VIE-ch op (Women)"]
[Site "Ho Chi Minh City"]
[Date "2013.11.23"]
[Round "7"]
[White "Chau, Thi Ngoc Giao"]
[Black "Doan, Thi Hong Nhung"]
[Result "1-0"]
[WhiteElo "2167"]
[BlackElo "1892"]
[PlyCount "79"]
[EventDate "2013.11.19"]
[EventType "swiss"]
[EventRounds "9"]
[EventCountry "VIE"]
[SourceTitle "CBM 157 Extra"]
[Source "ChessBase"]
[SourceDate "2013.12.19"]
[SourceVersion "1"]
[SourceVersionDate "2013.12.19"]
[SourceQuality "1"]

1. d4 d5 2. Nf3 Nf6 3. Bg5 Ne4 4. Bf4 c5 5. e3 Nc6 6. c3 Qb6 7. Qb3 c4 8. Qxb6 axb6 9. Nbd2 Nxd2 10. Nxd2 b5 11. e4 e6 12. Be2 b4 13. 0-0 Bd7 14. Bf3 bxc3 15. bxc3 Ne7 16. Rfe1 Bc6 17. a4 Kd7 18. a5 h5 19. h3 Ng6 20. Bg3 Be7 21. exd5 exd5 22. Reb1 Bd8 23. Nxc4 dxc4 24. d5 Rxa5 25. dxc6+ bxc6 26. Rb7+ Ke6 27. Re1+ Kf6 28. Rd7 Be7 29. Bxc6 Rc8 30. Bb7 Rcc5 31. Bh4+ Nxh4 32. Rexe7 Ra1+ 33. Kh2 Nf5 34. Rxf7+ Kg5 35. Be4 Rc1 36. g3 Rxc3 37. f4+ Kg6 38. g4 Re3 39. Bxf5+ Kh6 40. Rd6+ 1-0

[Event "VIE-ch op (Women)"]
[Site "Ho Chi Minh City"]
[Date "2013.11.19"]
[Round "2"]
[White "Chau, Thi Ngoc Giao"]
[Black "Ngo, Thi Kim Tuyen"]
[Result "0-1"]
[WhiteElo "2167"]
[BlackElo "2079"]
[PlyCount "68"]
[EventDate "2013.11.19"]
[EventType "swiss"]
[EventRounds "9"]
[EventCountry "VIE"]
[SourceTitle "CBM 157 Extra"]
[Source "ChessBase"]
[SourceDate "2013.12.19"]
[SourceVersion "1"]
[SourceVersionDate "2013.12.19"]
[SourceQuality "1"]

1. d4 d5 2. Nf3 Nf6 3. e3 Bf5 4. c4 c6 5. Nc3 e6 6. Be2 Be7 7. 0-0 Ne4 8. Nxe4 dxe4 9. Nd2 Bg6 10. f3 exf3 11. Bxf3 0-0 12. Nb3 Nd7 13. e4 c5 14. d5 exd5 15. exd5 Bd6 16. Be3 Qh4 17. g3 Qxc4 18. Rc1 Qb5 19. Be2 Qb6 20. Bg4 Ne5 21. Bf5 Bxf5 22. Rxf5 Rac8 23. Kh1 Qb4 24. Rf4 Qb5 25. Rh4 c4 26. Na1 Be7 27. Re4 Bf6 28. a4 Qd7 29. b3 Nd3 30. Rcxc4 Nb2 31. Qb1 Nxc4 32. bxc4 Qf5 33. g4 Qf3+ 34. Kg1 Bxa1 0-1

[Event "VIE-ch op (Women)"]
[Site "Ho Chi Minh City"]
[Date "2013.11.19"]
[Round "1"]
[White "Tran, Thi Mong Thu"]
[Black "Chau, Thi Ngoc Giao"]
[Result "0-1"]
[WhiteElo "1909"]
[BlackElo "2167"]
[PlyCount "98"]
[EventDate "2013.11.19"]
[EventType "swiss"]
[EventRounds "9"]
[EventCountry "VIE"]
[SourceTitle "CBM 157 Extra"]
[Source "ChessBase"]
[SourceDate "2013.12.19"]
[SourceVersion "1"]
[SourceVersionDate "2013.12.19"]
[SourceQuality "1"]

1. d4 d5 2. c4 e6 3. Nc3 Nf6 4. Bg5 Nbd7 5. Nf3 c6 6. e3 Qa5 7. Nd2 Bb4 8. Qc2 0-0 9. Bd3 dxc4 10. Nxc4 Qxg5 11. 0-0 Bxc3 12. bxc3 Qh5 13. Rab1 b6 14. Nd6 Qd5 15. Ne4 c5 16. dxc5 Bb7 17. f3 Nxc5 18. Nxf6+ gxf6 19. Bxh7+ Kg7 20. Rbd1 Qh5 21. Bd3 Rh8 22. h3 Rad8 23. Be2 Qg5 24. e4 Rxd1 25. Rxd1 Rxh3 26. Qd2 Qxd2 27. Rxd2 Rh8 28. Bc4 Rc8 29. Bf1 Kf8 30. Rd4 Ke7 31. Kf2 Rd8 32. Ke3 e5 33. Rxd8 Kxd8 34. Bc4 Ke7 35. g3 a6 36. Be2 Kd6 37. Bc4 Ne6 38. Bb3 Kc5 39. a3 Bc6 40. f4 Bb5 41. a4 Bc4 42. Bd1 Nd8 43. g4 Ne6 44. f5 Ng5 45. Bc2 a5 46. Kd2 Ba6 47. Ke3 Bb7 48. Bd3 Bc6 49. Bc2 Kc4 0-1

[Event "VIE-chT Super (Women)"]
[Site "Hanoi"]
[Date "2008.02.29"]
[Round "6"]
[White "Le, Thanh Tu"]
[Black "Chau, Thi Ngoc Giao"]
[Result "1-0"]
[WhiteElo "2336"]
[BlackElo "2171"]
[PlyCount "33"]
[EventDate "2008.02.24"]
[EventType "team-tourn"]
[EventRounds "7"]
[EventCountry "VIE"]
[SourceTitle "EXT 2019"]
[Source "ChessBase"]
[SourceDate "2018.10.10"]
[SourceVersion "1"]
[SourceVersionDate "2018.10.10"]
[SourceQuality "1"]

1. d4 d5 2. c4 e6 3. Nf3 Nf6 4. g3 Be7 5. Bg2 0-0 6. 0-0 b6 7. Nc3 Bb7 8. Ne5 Qc8 9. cxd5 exd5 10. Bg5 Qd8 11. Rc1 Na6 12. Qa4 Nb8 13. Rfd1 Ne4 14. Nxe4 Bxg5 15. Nxg5 Qxg5 16. Rxc7 Ba6 17. Rxf7 1-0

[Event "VIE-ch (Women)"]
[Site "Dalat City"]
[Date "2005.??.??"]
[Round "6"]
[White "Chau, Thi Ngoc Giao"]
[Black "Bui, Kim Le"]
[Result "0-1"]
[WhiteElo "2171"]
[BlackElo "2200"]
[PlyCount "130"]
[EventDate "2005.??.??"]
[EventType "swiss"]
[EventRounds "9"]
[EventCountry "VIE"]
[SourceTitle "EXT 2007"]
[Source "ChessBase"]
[SourceDate "2006.11.23"]
[SourceVersion "1"]
[SourceVersionDate "2006.11.23"]
[SourceQuality "1"]

1. d4 Nf6 2. c4 c5 3. d5 e6 4. Nc3 exd5 5. cxd5 d6 6. e4 g6 7. f4 Bg7 8. Bb5+ Nfd7 9. Nf3 0-0 10. 0-0 a6 11. Bxd7 Nxd7 12. a4 Rb8 13. Qd3 Qc7 14. b3 b5 15. axb5 axb5 16. Ra2 c4 17. bxc4 bxc4 18. Qd2 Rb3 19. Ne2 Nf6 20. Ng3 Re8 21. Qc2 Qc5+ 22. Kh1 Ng4 23. h3 Ne3 24. Bxe3 Rxe3 25. Qa4 Rf8 26. Kh2 h5 27. Rc2 c3 28. f5 Qc7 29. Rb1 Qe7 30. Rb4 h4 31. Nf1 Rd3 32. Kg1 gxf5 33. Re2 Rxd5 34. Qa2 Rc5 35. exf5 Qxe2 36. Qxe2 c2 37. Rc4 Rxc4 38. Qxc4 Bxf5 39. Ne3 Rc8 40. Qxc8+ Bxc8 41. Nxc2 Bf6 42. Kf2 Kg7 43. Ke3 Kg6 44. Kf4 Bb7 45. Ne3 Bd8 46. Nf5 Bxf3 47. gxf3 Bg5+ 48. Kg4 d5 49. f4 Bf6 50. Nd6 Bd8 51. Nf5 Bf6 52. Nd6 d4 53. Kf3 Be7 54. f5+ Kf6 55. Nb5 Ke5 56. Ke2 Bc5 57. Kd3 Kxf5 58. Ke2 Ke4 59. Nc7 Bb4 60. Ne8 d3+ 61. Kd1 Be7 62. Ng7 f5 63. Nh5 f4 64. Kd2 f3 65. Ke1 Ke3 0-1

[Event "VIE-ch (Women)"]
[Site "Dalat City"]
[Date "2005.??.??"]
[Round "3"]
[White "Huynh Mai Phuong, Dung"]
[Black "Chau, Thi Ngoc Giao"]
[Result "1-0"]
[WhiteElo "2128"]
[BlackElo "2171"]
[PlyCount "123"]
[EventDate "2005.??.??"]
[EventType "swiss"]
[EventRounds "9"]
[EventCountry "VIE"]
[SourceTitle "EXT 2007"]
[Source "ChessBase"]
[SourceDate "2006.11.23"]
[SourceVersion "1"]
[SourceVersionDate "2006.11.23"]
[SourceQuality "1"]

1. e4 d5 2. exd5 Nf6 3. Bb5+ Bd7 4. Bc4 b5 5. Bb3 a5 6. a3 Bg4 7. f3 Bc8 8. Nc3 Ba6 9. Nge2 g6 10. d3 Bg7 11. Nf4 0-0 12. 0-0 Nbd7 13. Ne4 Nb6 14. Nxf6+ Bxf6 15. Qe2 Qd6 16. Re1 b4 17. axb4 axb4 18. Ra2 Bb7 19. Rxa8 Rxa8 20. Bd2 Nxd5 21. Qe4 Qb6+ 22. Kf1 e6 23. Nxd5 Bxd5 24. Bxd5 exd5 25. Qxd5 Rd8 26. Qe4 c5 27. b3 h5 28. f4 Qc7 29. g3 h4 30. f5 Rd4 31. Qe8+ Kg7 32. fxg6 fxg6 33. Qe3 g5 34. Qf3 hxg3 35. hxg3 Qd7 36. Kg2 g4 37. Qe3 Qd5+ 38. Kg1 Qh5 39. Re2 Rd5 40. Qe4 Qf5 41. Kg2 Qh5 42. Kg1 Qf5 43. Qxf5 Rxf5 44. Be3 Kg6 45. Bf2 Rd5 46. Re4 Kf5 47. Rf4+ Kg5 48. Be3 Re5 49. Re4+ Kf5 50. Rxe5+ Bxe5 51. Bxc5 Bc3 52. Kf2 Ke5 53. Ke3 Be1 54. Bf8 Bxg3 55. Bxb4 Bf4+ 56. Kf2 Kd4 57. Be1 Bd6 58. Ke2 Be5 59. c3+ Kd5 60. b4 Kc6 61. c4 Bd4 62. Bf2 1-0

[Event "VIE-chT (Women)"]
[Site "Dong Thap"]
[Date "2004.09.23"]
[Round "10"]
[White "Le, Kieu Thien Kim"]
[Black "Chau, Thi Ngoc Giao"]
[Result "1/2-1/2"]
[WhiteElo "2338"]
[BlackElo "2182"]
[PlyCount "85"]
[EventDate "2004.09.15"]
[EventType "team"]
[EventRounds "11"]
[EventCountry "VIE"]
[SourceTitle "EXT 2007"]
[Source "ChessBase"]
[SourceDate "2006.11.23"]
[SourceVersion "1"]
[SourceVersionDate "2006.11.23"]
[SourceQuality "1"]

1. e4 d5 2. exd5 Nf6 3. Nc3 Nxd5 4. Bc4 c6 5. Qf3 Be6 6. Nge2 Nc7 7. Bxe6 Nxe6 8. d3 g6 9. Be3 Bg7 10. h4 h5 11. 0-0-0 Nd7 12. d4 Qc8 13. Rhe1 0-0 14. g4 hxg4 15. Qxg4 Nf6 16. Qf3 Nc7 17. Rg1 Ncd5 18. Rg2 b5 19. Rh1 Qe6 20. Nxd5 Nxd5 21. Bd2 c5 22. h5 cxd4 23. Qd3 Nf6 24. b3 Nxh5 25. Rxh5 gxh5 26. Nxd4 Qf6 27. Bc3 Rfc8 28. Nc6 Qh6+ 29. Kb1 Rxc6 30. Bxg7 Qxg7 31. Rxg7+ Kxg7 32. Qxb5 Rac8 33. Qg5+ Rg6 34. Qxh5 a6 35. Qe5+ Rf6 36. Qxe7 Rxf2 37. Qg5+ Kf8 38. Qh6+ Kg8 39. c4 Rc5 40. Qe3 Rcf5 41. Qg3+ Kf8 42. Qd6+ Kg7 43. Qg3+ 1/2-1/2